00350 a2200109 4500001001000000005001700010008004100027245007400068100001800142773006300160999001700223ART_1903720260410161910.0260409a 10aPrincipios fundamentales económicos de la Contabilidad de Gestión1 aMallo, Carlos0 tCostos y gestióng- Año I, Nº 1 (sep. 1991)wREV12786 c26689d26689